书目信息 |
| 题名: |
新型智能医院
|
|
| 作者: | 李兰娟 主编 | |
| 分册: | ||
| 出版信息: | 北京 科学出版社 2015 |
|
| 页数: | 681页 | |
| 开本: | 26cm | |
| 丛书名: | 数字卫生丛书 | |
| 单 册: | ||
| 中图分类: | R197.324 | |
| 科图分类: | ||
| 主题词: | 数字技术--应用--医院--管理--研究 | |
| 电子资源: | ||
| ISBN: | 978-7-03-041885-2 | |
| 000 | 01170oam2 2200265 450 | |
| 001 | 0103622406 | |
| 005 | 20151110103715.0 | |
| 010 | @a978-7-03-041885-2@b精装@dCNY320.00 | |
| 100 | @a20150923d2015 em y0chiy0120 ea | |
| 101 | 0 | @achi |
| 102 | @aCN@b110000 | |
| 105 | @aa z 000yy | |
| 106 | @ar | |
| 200 | 1 | @a新型智能医院@9Xin Xing Zhi Neng Yi Yuan @f李兰娟主编@b专著 |
| 210 | @a北京@c科学出版社@d2015 | |
| 215 | @a681页@c照片,图@d26cm | |
| 225 | 2 | @a数字卫生丛书@v3@f李兰娟总主编 |
| 300 | @a“十一五”国家科技支撑计划重点项目 “国家数字卫生关键技术和区域示范应用研究”项目组 | |
| 330 | @a本书主要内容包括医院信息化的发展历程,国内医院目前的信息化发展水平和其他发达地区信息化的差异,建立新型智能医院所需要的硬件基础和网络架构,现阶段医院使用的主流信息系统及其他临床信息系统,医院资源管理信息系统,新型智能医院数据采集汇总的信息集成平台,目前较为前沿的新媒体与云计算技术在智能医院的应用及新型智能医院的医药卫生体制改革进程等。 | |
| 461 | 0 | @1001002702254 |
| 606 | 0 | @a数字技术@x应用@x医院@x管理@x研究 |
| 690 | @aR197.324@v5 | |
| 701 | 0 | @a李兰娟@f(1947~)@9li lan juan@4主编 |
| 801 | 0 | @aCN@bAZmarc@c20230908 |
| 905 | @aBZT@dR197.324@e9@f2@sR197.324/9 | |
| 新型智能医院/李兰娟主编.-北京:科学出版社,2015 |
| 681页:照片,图;26cm.-(数字卫生丛书;3/李兰娟总主编) |
| “十一五”国家科技支撑计划重点项目 “国家数字卫生关键技术和区域示范应用研究”项目组 |
| ISBN 978-7-03-041885-2(精装):CNY320.00 |
| 本书主要内容包括医院信息化的发展历程,国内医院目前的信息化发展水平和其他发达地区信息化的差异,建立新型智能医院所需要的硬件基础和网络架构,现阶段医院使用的主流信息系统及其他临床信息系统,医院资源管理信息系统,新型智能医院数据采集汇总的信息集成平台,目前较为前沿的新媒体与云计算技术在智能医院的应用及新型智能医院的医药卫生体制改革进程等。 |
| ● |
| 相关链接 |
|
|
|
正题名:新型智能医院
索取号:R197.324/9
 
预约/预借
| 序号 | 登录号 | 条形码 | 馆藏地/架位号 | 状态 | 备注 |
| 1 | 2000025702 | 2000025702 | 旧书回溯/ [索取号:R197.324/9] | 在馆 | |
| 2 | 2000025703 | 2000025703 | 旧书回溯/ [索取号:R197.324/9] | 在馆 |